Organization Theory and Design. (Record no. 349078)

000 -LEADER
fixed length control field 00431 a2200169 4500
020 ## - INTERNATIONAL STANDARD BOOK NUMBER
International Standard Book Number 0538879025
022 ## - INTERNATIONAL STANDARD SERIAL NUMBER
International Standard Serial Number 9780538879026
082 ## - DEWEY DECIMAL CLASSIFICATION NUMBER
Classification number 658.4
090 ## - LOCALLY ASSIGNED LC-TYPE CALL NUMBER (OCLC); LOCAL CALL NUMBER (RLIN)
-- 6728
-- 6728
100 ## - MAIN ENTRY--PERSONAL NAME
Personal name Daft,Richard L.
245 ## - TITLE STATEMENT
Title Organization Theory and Design.
Statement of responsibility, etc. Richard L.Daft
250 ## - EDITION STATEMENT
Edition statement 6th.
260 ## - PUBLICATION, DISTRIBUTION, ETC.
Place of publication, distribution, etc. America.
Name of publisher, distributor, etc. South-Western College publishing.
Date of publication, distribution, etc. 1997.
300 ## - PHYSICAL DESCRIPTION
Extent 699p.
500 ## - GENERAL NOTE
General note Hard cover
942 ## - ADDED ENTRY ELEMENTS (KOHA)
Institution code [OBSOLETE] NBS
Koha item type Book
Call number prefix 658.4 DAF
Holdings
Withdrawn status Lost status Damaged status Not for loan Permanent Location Current Location Date acquired Total Checkouts Full call number Barcode Checked out Date last seen Date last checked out Price effective from Koha item type Public note
        Central Library (CL) Central Library (CL) 08/28/2013 7 658.4 DAF NBS1225 02/19/2020 02/22/2020 02/22/2020 08/28/2013 Book No. 0908/NBS/IRC Dated: 12 June, 2012
© 2023 Central Library, National University of Sciences and Technology. All Rights Reserved.